Catàleg dels Protocols notarials de Barcelona. 2 : altres arxius / Lluïsa Cases i Loscos altres arxius / Lluïsa Cases i Loscos
Descripción Física:
485 p. ; 24 cm
Otros Autores:
Fundació Noguera
MARC
| LEADER | 00000nam a2200000Ia 4500 | ||
|---|---|---|---|
| 001 | 9168 | ||
| 008 | 160829s1990 xx 000 0 cat d | ||
| 080 | |a A-1-195 | ||
| 100 | |a Cases i Loscos, Lluïsa |9 26660 | ||
| 245 | |a Catàleg dels Protocols notarials de Barcelona. 2 : |b altres arxius / Lluïsa Cases i Loscos | ||
| 260 | |a Barcelona : |b Fundació Noguera, |c 1990 | ||
| 300 | |a 485 p. ; |c 24 cm | ||
| 490 | |a Inventaris d'Arxius Notarials de Catalunya ; 11 | ||
| 650 | |a Documents públics |x Barcelona |x Catàlegs |9 24307 | ||
| 700 | |a Fundació Noguera |9 70407 | ||
| 901 | |a Arxiu | ||
| 942 | |n 1 | ||
| 952 | |0 0 |1 0 |4 0 |6 A1195 |7 1 |9 43072 |a Arxiu |b Arxiu |d 2016-12-01 |l 0 |o A-1-195 |p 9168 |r 2016-12-01 00:00:00 |w 2016-12-01 |y ARXIU | ||
| 999 | |c 45616 |d 45616 | ||